00871nam a22002657a 450000500170000001000130001702000220003003500130005203700160006504000120008108200170009310000260011024500500013624600060018625000120019226000400020427000500024430000200029450000610031465000140037565000380038994200260042799900190045395201330047220170124110228.0 aA-950256 c280.00a817177105 aA-950256 bCen Lib/Ret aDPLbEN a346.048bNAR aNarayanan, P. 941085 aIntellectyal property law /cby P. Narayanan  b  a2nd ed  bEastern Law House aCalcutta c1997 bCalcutta a54, ganesh chunder avenue e700013 a561p.c21cm(Hb) aIncludes appendix, bibliographical references and index  aLaw 9104 aIntellectual property law 941086 2ddccENh346.048mNAR c134561d134561 001040718REFaLbLd2015-07-30eCen Lib/Retg280.00l0o346.048 NARpA-950256r2015-07-30 00:00:00t1v280.00w2015-07-30yEN